OBject Indian History (Record no. 31396)
[ view plain ]
| 000 -LEADER | |
|---|---|
| fixed length control field | 003190000a22001450004500 |
| 003 - CONTROL NUMBER IDENTIFIER | |
| control field | MACL |
| 040 ## - CATALOGING SOURCE | |
| Original cataloging agency | MACL |
| 090 ## - LOCALLY ASSIGNED LC-TYPE CALL NUMBER (OCLC); LOCAL CALL NUMBER (RLIN) | |
| -- | 31716 |
| -- | 31714 |
| 100 ## - MAIN ENTRY--PERSONAL NAME | |
| Personal name | Sudha Publications |
| 245 ## - TITLE STATEMENT | |
| Title | OBject Indian History |
| 260 ## - PUBLICATION, DISTRIBUTION, ETC. (IMPRINT) | |
| Name of publisher, distributor, etc. | Sudha Publications |
| Date of publication, distribution, etc. | 2001 |
| 650 ## - SUBJECT ADDED ENTRY--TOPICAL TERM | |
| Topical term or geographic name as entry element | History |
| 942 ## - ADDED ENTRY ELEMENTS (KOHA) | |
| Koha item type | Library Membar |
| Call number prefix | 954/Sud |
| 951 ## - EQUIVALENCE OR CROSS-REFERENCE--GEOGRAPHIC NAME/AREA NAME [OBSOLETE] [CAN/MARC only] | |
| -- | 954/Sud BOOK |
No items available.









